| 000 | 00888nam a22002297a 4500 | ||
|---|---|---|---|
| 999 |
_c7130 _d7130 |
||
| 003 | AR-CdUCM | ||
| 008 | 190319b ||||| |||| 00| 0 eng d | ||
| 040 |
_aMUNICIPALIDAD PROVINCIAL DEL CUSCO _cBIBLIOTECA MUNICIPAL DEL CUSCO |
||
| 082 |
_a709 / _bP56 |
||
| 100 |
_aPijoán, José _918769 |
||
| 245 |
_aSumma Artis, Historia general del arte : _bArte europeo de los siglos XIX y XX / |
||
| 260 |
_aMadrid _bEspasa-Calpe, S.A., _c1967. |
||
| 300 |
_a625 páginas ; _bIlustraciones en color y b/n. _c27 cm. |
||
| 500 | _aHojas dañadas. | ||
| 505 | _aIn memoriam -- Premisas del neoclacisismo -- Premisas del romanticismo -- La arquitectura neoclásica -- La pintura del retorno clásico... | ||
| 650 |
_aHistoria del Arte _91647 |
||
| 650 |
_aPintura _93081 |
||
| 650 |
_aArte siglo XX _920102 |
||
| 700 |
_aJuan Antonio Gaya Nuño _920103 |
||
| 942 |
_2ddc _cLIBROS |
||
| 945 | _admma | ||